Top 10 Asian Countries by Percentage Population Increase - Statistics

General Stats
  • This quiz has been taken 281 times
  • The average score is 8 of 10
Answer Stats
% Growth Country % Correct
190.2% United Arab Emirates
91%
319.0% Qatar
88%
53.3% Iraq
87%
106.4% Bahrain
86%
85.2% Oman
85%
91.9% Kuwait
84%
52.0% Saudi Arabia
83%
80.9% Lebanon
77%
79.5% Jordan
75%
67.9% Afghanistan
70%
No matching quizzes found
Score Distribution
Percent of People with Each Score
Percentile by Number Answered
Your Score History
You have not taken this quiz